Don José Santiago Rodríguez Zorrilla, Obispo de Santiago de Chile: 1752, 1832

Zapisane w:
Opis bibliograficzny
1. autor: Silva Cotapos, Carlos (Autor)
Format: Książka
Język:hiszpański
Wydane: Santiago Imprenta de San José 1915
Wydanie:1a. ed
Hasła przedmiotowe:
Etykiety: Dodaj etykietę
Nie ma etykietki, Dołącz pierwszą etykiete!

MARC

LEADER 00000nam a2200000 a 4500
001 UCJ4889
003 CL-VaPUC
008 070124e19150000CL |||||||||||||||||spa|d
082 0 4 |a 922  |b ROD  |2 21 
100 0 |a Silva Cotapos, Carlos  |e author  |9 509373 
245 1 0 |a Don José Santiago Rodríguez Zorrilla, Obispo de Santiago de Chile: 1752, 1832 
250 |a 1a. ed 
300 |a 432 p 
942 |c BK 
945 |d 20070124 00:00:00  |a rinostro 
260 |a Santiago  |b Imprenta de San José  |c 1915 
500 |a Front., retrato del Obispo Rodríguez Zorrilla 
600 0 7 |a RODRIGUEZ ZORRILLA, JOSE SANTIAGO  |2 CL-VaPUC  |9 509374 
650 7 |a BIOGRAFIA  |2 CL-VaPUC  |9 504622 
650 7 |a OBISPOS  |2 CL-VaPUC  |9 509375 
650 0 |a Independencia   |9 344246 
650 0 |a Iglesia Católica  |9 256114 
650 7 |a DOCUMENTOS  |2 CL-VaPUC  |9 366450 
650 0 |a Iconografía   |9 267998 
650 7 |a HISTORIA ECLESIASTICA  |2 CL-VaPUC  |9 509376 
650 0 |a Historia de Chile  |9 265473 
583 |a last modification  |c 20070124 00:00:00  |k Rodrigo Vera 
999 |c 321004  |d 321002 
952 |0 0  |1 0  |4 0  |6 922_000000000000000_ROD_1915  |7 0  |8 X  |9 399655  |a FDOBUD  |b FDOBUD  |d 2019-11-22  |i 102745K  |o 922 ROD 1915  |p 102745K  |r 2019-11-22  |w 2019-11-22  |y BK_X  |k BUD 
952 |0 0  |1 0  |4 0  |6 922_000000000000000_ROD_1915  |7 0  |8 X  |9 399656  |a FDOBUD  |b FDOBUD  |d 2019-11-22  |i 1027468  |o 922 ROD 1915  |p 1027468  |r 2019-11-22  |w 2019-11-22  |y BK_X  |k BUD